| 000 | 00393nam a22001697a 4500 | ||
|---|---|---|---|
| 003 | SGT | ||
| 020 | _a9780323636520 | ||
| 082 |
_a618.92 _bP21P |
||
| 100 | _aPETTY, ROSS E. | ||
| 245 | _aTB. OF PEDIATRIC RHEUMATOLOGY | ||
| 250 | _a8TH | ||
| 260 |
_aPHILADELPHIA _bELSEVIER PUB _c2021 |
||
| 300 | _a748 | ||
| 650 | _aPEDIATRICS | ||
| 653 | _aTB. OF PEDIATRIC RHEUMATOLOGY | ||
| 942 |
_2ddc _cBK |
||
| 999 |
_c23185 _d23185 |
||